| 000 | 00451nam a22001937a 4500 | ||
|---|---|---|---|
| 003 | MPLRDC | ||
| 005 | 20220104143918.0 | ||
| 008 | 210129b ||||| |||| 00| 0 eng d | ||
| 020 | _a962-13-0043-6 | ||
| 082 | _a859.6 CRZ | ||
| 100 | _a张弄潮译 | ||
| 245 |
_a煤炭小贩的女儿 _c |
||
| 250 | _a初版 | ||
| 260 |
_a _b明华出版公司 _c1985 |
||
| 300 | _b平 | ||
| 490 | _a图书故事丛书 | ||
| 650 | _a | ||
| 942 |
_cBK _o859.6 CRZ |
||
| 999 |
_c44560 _d44550 |
||